[Event "American Cup Champ w"]
[Site "Saint Louis USA"]
[Date "2024.03.17"]
[Round "3.3"]
[White "Lee, Alice"]
[Black "Krush, Irina"]
[Result "0-1"]
[WhiteTitle "IM"]
[BlackTitle "GM"]
[WhiteElo "2356"]
[BlackElo "2421"]
[WhiteFideId "30941822"]
[BlackFideId "2012782"]
[EventDate "2024.03.12"]
[EventType "k.o."]

1. d4 Nf6 2. c4 e6 3. Nf3 Bb4+ 4. Bd2 Qe7 5. g3 Bxd2+ 6. Qxd2 Nc6 7. Qc2 O-O 8.
Bg2 d6 9. O-O e5 10. d5 Nb4 11. Qd2 Na6 12. b4 c6 13. dxc6 bxc6 14. b5 Nc5 15.
bxc6 Be6 16. Na3 Nfe4 17. Qc2 Rac8 18. Rfd1 Rxc6 19. Nd4 exd4 20. Bxe4 d3 21.
Bxd3 Nxd3 22. Qxd3 Rfc8 23. Qe3 a6 24. Rd4 h6 25. Rad1 Qc7 26. Qd2 Rd8 27. Rc1
Rc5 28. Rc3 Ra5 29. Rcd3 Ra4 30. Qc2 Rb4 31. Qd2 Ra4 32. Qc2 Rb4 33. Rb3 Qc5 34.
Rxb4 Qxb4 35. Qc1 Rc8 36. Rd3 d5 37. Rb3 Qc5 38. Nb1 dxc4 39. Rc3 Qd4 40. Nd2
Bd5 41. e4 Be6 42. Qc2 Rd8 43. Nf3 Qd7 44. h4 Qc7 45. Kg2 Rd6 46. Qe2 Qd8 47.
Ne5 Rd2 48. Qe3 Rxa2 49. Nxc4 Ra1 50. Nd2 a5 51. Rd3 Qc7 52. Rc3 Qb8 53. Qd4 Rd1
54. Rd3 Qc7 55. Qb2 a4 56. Rd4 Qa5 57. Nc4 Qe1 58. Rxd1 Qxd1 59. Qb4 Qd4 60.
Qb8+ Kh7 61. Na3 Qxe4+ 62. Kh2 Qf3 63. Qb1+ Bf5 64. Qh1 Qxa3 65. Qd5 Qd3 66.
Qxf7 a3 67. h5 Qc2 0-1

[Event "American Cup Champ w"]
[Site "Saint Louis USA"]
[Date "2024.03.20"]
[Round "4.1"]
[White "Krush, Irina"]
[Black "Lee, Alice"]
[Result "1/2-1/2"]
[WhiteTitle "GM"]
[BlackTitle "IM"]
[WhiteElo "2421"]
[BlackElo "2356"]
[WhiteFideId "2012782"]
[BlackFideId "30941822"]
[EventDate "2024.03.12"]
[EventType "k.o."]

1. c4 e6 2. Nc3 d5 3. d4 Nf6 4. cxd5 exd5 5. Bg5 Bb4 6. e3 h6 7. Bxf6 Qxf6 8. a3
Bxc3+ 9. bxc3 O-O 10. Bd3 Bf5 11. Ne2 Nd7 12. O-O Nb6 13. f3 Qe6 14. Bxf5 Qxf5
15. e4 dxe4 16. Ng3 Qg5 17. fxe4 Nc4 18. Rf3 Qd2 19. Qb3 Ne3 20. Rf2 Qd3 21. Rf3
Qd2 22. Rf2 Qd3 23. Rf3 Qd2 1/2-1/2

[Event "American Cup Champ w"]
[Site "Saint Louis USA"]
[Date "2024.03.20"]
[Round "4.2"]
[White "Lee, Alice"]
[Black "Krush, Irina"]
[Result "1-0"]
[WhiteTitle "IM"]
[BlackTitle "GM"]
[WhiteElo "2356"]
[BlackElo "2421"]
[WhiteFideId "30941822"]
[BlackFideId "2012782"]
[EventDate "2024.03.12"]
[EventType "k.o."]

1. d4 Nf6 2. c4 e6 3. Nf3 Bb4+ 4. Bd2 Qe7 5. g3 Bxd2+ 6. Qxd2 Nc6 7. a3 d5 8.
Bg2 O-O 9. Qc3 Ne4 10. Qc1 Na5 11. Nbd2 Nxd2 12. Nxd2 Nxc4 13. Nxc4 dxc4 14.
Qxc4 c6 15. Qc3 Re8 16. Rd1 Bd7 17. O-O h6 18. h4 Red8 19. h5 Be8 20. Bf3 Rd6
21. Rd3 Rad8 22. Kg2 f6 23. Rfd1 Bf7 24. Qa5 b6 25. Qc3 c5 26. dxc5 Rxd3 27.
Rxd3 Rxd3 28. Qxd3 bxc5 29. e3 Qc7 30. Qc4 Qe5 31. b3 Kh8 32. Qa6 Qc7 33. Qc4
Qe7 34. b4 cxb4 35. axb4 e5 36. Qc8+ Qe8 37. Qb7 Bxh5 38. Bc6 Qf8 39. b5 f5 40.
Qxa7 Qb4 41. Qb8+ Kh7 42. Qxe5 Bg4 43. Bd7 Qb1 44. e4 g6 45. Qe7+ Kh8 46. Qf6+
Kh7 47. Qe7+ Kh8 48. exf5 Bxf5 49. Qf8+ Kh7 50. Qf7+ Kh8 51. Qf8+ Kh7 52. Bxf5
gxf5 53. Qf7+ Kh8 54. Qe8+ Kg7 55. Qd7+ Kg6 56. Qc6+ Kg5 57. f4+ Kh5 58. Qe8+ 1-0

[Event "American Cup Champ w"]
[Site "Saint Louis USA"]
[Date "2024.03.21"]
[Round "5.1"]
[White "Krush, Irina"]
[Black "Lee, Alice"]
[Result "1-0"]
[WhiteTitle "GM"]
[BlackTitle "IM"]
[WhiteElo "2421"]
[BlackElo "2356"]
[WhiteFideId "2012782"]
[BlackFideId "30941822"]
[EventDate "2024.03.12"]

1. c4 e6 2. Nc3 d5 3. d4 Nf6 4. Bg5 Be7 5. e3 h6 6. Bh4 O-O 7. Nf3 Nbd7 8. Bd3
dxc4 9. Bxc4 a6 10. a4 c5 11. O-O cxd4 12. Nxd4 Ne5 13. Be2 Nd5 14. Bxe7 Nxe7
15. Qb3 Qa5 16. Rfd1 N7c6 17. Nxc6 Nxc6 18. Ne4 Qc7 19. Rac1 Qe7 20. Qb6 e5 21.
Nc5 Rd8 22. Nxa6 bxa6 23. Qxc6 Bb7 24. Qb6 Bd5 25. Qa5 Bb3 26. Rxd8+ Rxd8 27.
Qxa6 Rd2 28. Bd3 e4 29. Qa8+ Kh7 30. Qxe4+ Qxe4 31. Bxe4+ g6 32. a5 Rxb2 33. Ra1
Bc4 34. a6 f5 35. a7 1-0

[Event "American Cup Champ w"]
[Site "Saint Louis USA"]
[Date "2024.03.21"]
[Round "5.3"]
[White "Lee, Alice"]
[Black "Krush, Irina"]
[Result "0-1"]
[WhiteTitle "IM"]
[BlackTitle "GM"]
[WhiteElo "2356"]
[BlackElo "2421"]
[WhiteFideId "30941822"]
[BlackFideId "2012782"]
[EventDate "2024.03.12"]

1. d4 Nf6 2. c4 e6 3. Nf3 Bb4+ 4. Bd2 a5 5. a3 Bxd2+ 6. Qxd2 d5 7. Nc3 O-O 8. e3
Nbd7 9. Rc1 b6 10. cxd5 exd5 11. Bd3 Qe7 12. O-O Bb7 13. Qc2 c5 14. Bb5 Rfd8 15.
Rfd1 Qe6 16. h3 h6 17. Ne2 Rac8 18. Nf4 Qe7 19. Qf5 Nf8 20. Rc2 Ne4 21. Bd3 Nd6
22. Qe5 Qxe5 23. dxe5 Ne4 24. h4 Ne6 25. Nxe6 fxe6 26. Nh2 c4 27. Bxe4 dxe4 28.
Rdc1 b5 29. Nf1 a4 30. Ng3 Rc5 31. Ne2 Rxe5 32. Nd4 Kf7 33. g3 Red5 34. Kg2 e5
35. Ne2 Rd2 36. Nc3 Bc6 37. Kf1 Ke6 38. Ke1 R2d3 39. Na2 Be8 40. Nb4 R3d6 41.
Na2 Bh5 42. Nc3 Bf3 43. Ra1 g5 44. h5 Kf5 45. Kf1 Bxh5 46. Re1 Rb8 47. Na2 Bf3
48. Nc3 h5 49. Nb1 h4 50. Kg1 Rh8 51. Nd2 g4 52. Nxf3 gxf3 53. Rf1 Rdh6 54. Rd2
hxg3 55. fxg3 Rh1+ 56. Kf2 R8h2+ 57. Ke1 Rxf1+ 0-1

[Event "American Cup Champ w"]
[Site "Saint Louis USA"]
[Date "2024.03.21"]
[Round "5.6"]
[White "Lee, Alice"]
[Black "Krush, Irina"]
[Result "1-0"]
[WhiteTitle "IM"]
[BlackTitle "GM"]
[WhiteElo "2356"]
[BlackElo "2421"]
[WhiteFideId "30941822"]
[BlackFideId "2012782"]
[EventDate "2024.03.12"]

1. d4 Nf6 2. c4 g6 3. Nc3 Bg7 4. e4 d6 5. Nf3 O-O 6. Be2 Nbd7 7. Be3 e5 8. d5
Ng4 9. Bg5 f6 10. Bc1 f5 11. exf5 gxf5 12. Ng5 Ndf6 13. h3 Nh6 14. Ne6 Bxe6 15.
dxe6 c6 16. g4 Ne4 17. Nxe4 fxe4 18. Be3 Qe7 19. Qc2 Qxe6 20. Qxe4 d5 21. Qc2 e4
22. Rd1 Nf7 23. cxd5 cxd5 24. Qb3 Rfd8 25. O-O Ne5 26. Bd4 Rd7 27. Bb5 Nf3+ 28.
Kg2 Nxd4 29. Rxd4 Bxd4 30. Rd1 Qf6 31. Bxd7 Qxf2+ 32. Kh1 Rf8 33. Qxd5+ Kh8 34.
Qxd4+ 1-0